[Event "Ch Austria (juniors) (under 16) (g)"]
[Site "Soechau (Austria)"]
[Round "1"]
[White "Krumphals Ingrid (AUT)"]
[Black "Kopinits Anna-Christina (AUT)"]
[Result "0-1"]
[WhiteElo "1408"]
[BlackElo "2276"]

1.c4 e5 2.Nc3 Nc6 3.g3 g6 4.Bg2 Bg7 5.d3 d6 6.e3 Be6 7.Nge2 Qd7 8.O-O Bh3 9.f4
Bxg2 10.Kxg2 h5 11.Rb1 h4 12.b4 hxg3 13.hxg3 Qh3+ 14.Kf2 exf4 15.exf4 O-O-O
16.Ke1 Bxc3+ 17.Nxc3 Qxg3+ 18.Kd2 Rh2+ 19.Ne2 Nd4 20.Re1 Re8 21.Kc3 Nxe2+
22.Kb3 Nxc1+ 23.Rxc1 Rxe1 24.Qxe1 Qxd3+ 25.Rc3 Qe2 26.Qb1 Nf6 {#R} 0-1

[Event "Cup Russia (w)"]
[Site "St. Petersburg (Russia)"]
[Round "6"]
[White "Bistrikova Elena V (RUS)"]
[Black "Zainullina Nataliya (RUS)"]
[Result "1-0"]
[WhiteElo "2115"]
[BlackElo "2173"]

1.c4 e5 2.Nc3 Nc6 3.g3 g6 4.Bg2 Bg7 5.d3 d6 6.e3 Be6 7.Nge2 f5 8.O-O Nf6 9.Nd5
O-O 10.Rb1 Qd7 11.b4 Nd8 12.b5 Bf7 13.a4 Rb8 14.Ba3 Ne6 15.a5 Nh5 16.f4 Rfe8
17.Qd2 Nf6 18.Nxf6+ Bxf6 19.a6 Nd8 20.axb7 e4 21.dxe4 Bxc4 22.e5 Bxe2 23.Qxe2
dxe5 24.Rfd1 Qg7 25.Bc6 Nxc6 26.bxc6 Rbd8 27.Rxd8 {#r} 1-0

[Event "Memorial M.Chigorin (open)"]
[Site "St. Petersburg (Russia)"]
[Round "6"]
[White "Terentiev Vitaly G (RUS)"]
[Black "Manakov Ilya (RUS)"]
[Result "0-1"]
[WhiteElo "2404"]
[BlackElo "2303"]

1.c4 g6 2.g3 Bg7 3.Bg2 d6 4.Nc3 e5 5.d3 Nc6 6.e4 h5 7.Nf3 Bg4 8.h3 Bxf3 9.Bxf3
h4 10.g4 Bh6 11.Be3 Bxe3 12.fxe3 Qg5 13.Qd2 Nge7 14.O-O-O O-O 15.Kb1 Nd8
16.Rh2 Ne6 17.Rf1 c6 18.Bd1 Kg7 19.Bb3 Rad8 20.a3 Nc5 21.Ba2 a5 22.Rg2 a4
23.Rf3 f6 24.Qd1 Kh6 25.Qf1 Kg7 26.Rgf2 Rb8 27.d4 Nd7 28.Qd3 exd4 29.exd4 c5
30.Nxa4 Nc6 31.e5 Nxd4 32.exf6+ Nxf6 33.Rf4 Rbe8 34.Rf1 Qxf4 {#R} 0-1

[Event "It (open)"]
[Site "Tatranske Zruby (Slovakia)"]
[Round "3"]
[White "Gschwendtner Stanislav (CZE)"]
[Black "Klemanic Emil (SVK)"]
[Result "0-1"]
[WhiteElo "2185"]
[BlackElo "2299"]

1.c4 e5 2.Nc3 Nc6 3.g3 g6 4.Bg2 Bg7 5.d3 d6 6.e4 Nge7 7.Nge2 O-O 8.O-O f5
9.Nd5 Be6 10.exf5 Nxf5 11.Rb1 Ncd4 12.Nec3 c6 13.Ne3 Qd7 14.b4 Rf7 15.b5 Raf8
16.bxc6 bxc6 17.Ne4 h6 18.f3 Qe7 19.Ng4 d5 20.cxd5 cxd5 21.Nd2 h5 22.Nxe5 Bxe5
23.Re1 Bd6 24.f4 Bc5 25.Kh1 h4 {#R} 0-1

[Event "It (open)"]
[Site "Utrecht (Netherlands)"]
[Round "3"]
[White "Van Oosten Jaap (NED)"]
[Black "Coene Igor (NED)"]
[Result "0-1"]
[WhiteElo "1999"]
[BlackElo "2180"]

1.c4 e5 2.Nc3 Nc6 3.g3 g6 4.Bg2 Bg7 5.d3 d6 6.Nf3 Nge7 7.Rb1 O-O 8.b4 f5 9.Qc2
Qe8 10.Bd2 f4 11.b5 Nd8 12.Ng5 h6 13.Nge4 Ne6 14.Qc1 g5 15.Nd5 Nf5 16.Bh3 Nfd4
17.Nxc7 Nxc7 18.Nxd6 Qh5 19.Bf1 fxg3 20.f3 Nxf3+ 21.Kd1 g2 22.Bxg2 Nd4 23.Re1
Rf2 {#R} 0-1

[Event "Zt (w)"]
[Site "Valencia (Venezuela)"]
[Round "1"]
[White "Blanco Acevedo Maria C (VEN)"]
[Black "Guerrero Rodriguez Alejandra (MEX)"]
[Result "1-0"]
[WhiteElo "2030"]
[BlackElo "2042"]

1.c4 e5 2.Nc3 Nc6 3.g3 d6 4.Bg2 g6 5.d3 Bg7 6.e3 Nge7 7.Nge2 Be6 8.Nd5 Qd7
9.O-O Bh3 10.Bxh3 Qxh3 11.Nxc7+ Kd7 12.Nxa8 h5 13.f3 h4 14.Rf2 Nf5 15.g4 Ng3
16.Nc3 f5 17.Qb3 Kc8 18.c5 Rf8 19.Nb5 b6 20.Qe6+ Kd8 21.Qxd6+ Ke8 22.Nac7+
{#r} 1-0

[Event "Cup Alfoeld (open)"]
[Site "Hajduszoboszlo (Hungary)"]
[Round "2"]
[White "Forgacs Jozsef (HUN)"]
[Black "Kocsor Robert (HUN)"]
[Result "1-0"]
[WhiteElo "2346"]
[BlackElo "2030"]

1.c4 Nc6 2.Nc3 e5 3.g3 g6 4.Bg2 Bg7 5.d3 d6 6.e4 f5 7.Nge2 Nf6 8.O-O O-O 9.Rb1
a5 10.b3 h6 11.Nd5 g5 12.exf5 Bxf5 13.Ne3 Bg6 14.a3 Kh8 15.Bb2 Qd7 16.Qd2 Rae8
17.b4 axb4 18.axb4 e4 19.d4 d5 20.c5 Ra8 21.Ra1 Bh5 22.b5 Ne7 23.Nc3 Nh7
24.Rxa8 Rxa8 25.f3 exf3 26.Bxf3 Bxf3 27.Rxf3 Nf6 28.Rf1 Ne4 29.Nxe4 dxe4 30.d5
Ng6 31.c6 bxc6 32.bxc6 Qe7 33.d6 cxd6 34.Nf5 {#r} 1-0

[Event "Cup Alfoeld (open)"]
[Site "Hajduszoboszlo (Hungary)"]
[Round "1"]
[White "Hegedus Sandor (HUN)"]
[Black "Hegedus Gyorgy (HUN)"]
[Result "0-1"]
[WhiteElo "1839"]
[BlackElo "2161"]

1.c4 e5 2.Nc3 Nc6 3.g3 g6 4.Bg2 Bg7 5.d3 d6 6.e3 Be6 7.Nge2 Qd7 8.h3 h5 9.Bd2
Bf5 10.Ne4 Nf6 11.N2c3 Nxe4 12.Nxe4 O-O-O 13.Qa4 Kb8 14.O-O-O Rhe8 15.Qb3 f6
16.Bc3 Ka8 17.Kb1 Qe7 18.Bd2 Qd7 19.Rc1 Rb8 20.Qa3 Ne7 21.Nc3 Bxd3+ 22.Ka1
Bxc4 23.b3 Bd3 24.Rcd1 f5 25.e4 fxe4 26.Be3 Nc8 27.Rxd3 exd3 28.Nd5 e4+ 29.Kb1
c5 30.Bxc5 dxc5 31.Qxc5 Re7 32.Bxe4 Qd6 33.Qxd6 Nxd6 34.Nc3 Bxc3 {#R} 0-1

[Event "It (open)"]
[Site "Albacete (Spain)"]
[Round "8"]
[White "Garcia Raul (AND)"]
[Black "Braga Fernando (AND)"]
[Result "0-1"]
[WhiteElo "2249"]
[BlackElo "2417"]

1.c4 e5 2.Nc3 Nc6 3.g3 g6 4.Bg2 Bg7 5.d3 d6 6.e3 Be6 7.Nge2 Qd7 8.Rb1 Bh3
9.O-O h5 10.f3 Nge7 11.Nd5 Bxg2 12.Kxg2 Nxd5 13.cxd5 Ne7 14.e4 c6 15.dxc6 bxc6
16.Be3 f5 17.Nc3 O-O 18.d4 fxe4 19.fxe4 Rxf1 20.Qxf1 Rf8 21.Qd3 h4 22.d5 cxd5
23.Nxd5 Nxd5 24.Qxd5+ Kh7 25.Qd1 d5 26.exd5 Qf5 27.Kg1 h3 28.Rc1 Qe4 29.Qd2
Rd8 30.Bxa7 Rxd5 31.Qf2 Ra5 32.Bc5 Qa4 33.Ba3 e4 34.Qf4 Qd4+ 35.Kh1 e3 36.Qxd4
Bxd4 37.Rc7+ Kg8 38.Re7 Ra7 39.Kg1 e2+ {#R} 0-1

[Event "Ch Asturias (team) (qual.)"]
[Site "Asturias (Spain)"]
[Round "9"]
[White "Vigil Alvarez Luis (ESP)"]
[Black "Pascual Arevalo Ruben (ESP)"]
[Result "1-0"]
[WhiteElo "2231"]
[BlackElo "2169"]

1.c4 e5 2.g3 Nc6 3.Bg2 g6 4.d3 Bg7 5.Nc3 d6 6.Bd2 Be6 7.Qa4 Qd7 8.Nd5 h5 9.h4
Nf6 10.Nh3 Bxd5 11.cxd5 Ne7 12.Qb3 c6 13.dxc6 Nxc6 14.e3 d5 15.Rc1 O-O 16.Ng5
Rad8 17.O-O Nh7 18.Nxh7 Kxh7 19.Rc5 e4 20.d4 f5 21.Rfc1 f4 22.g4 Rf7 23.Be1
Bf6 24.f3 exf3 25.Bxf3 Nxd4 26.exd4 Bxd4+ 27.Kg2 Bxc5 28.Rxc5 Qe7 29.Rxd5 Rxd5
30.Qxd5 Qf6 31.Bd2 Re7 32.Qg5 Qd6 33.Bc3 Rc7 34.gxh5 gxh5 35.Qxh5+ Qh6 36.Qf5+
Qg6+ 37.Bg4 {#r} 1-0

[Event "Ch World (juniors) (under 20)"]
[Site "Athens (Greece)"]
[Round "6"]
[White "Stryjecki Marek (POL)"]
[Black "Krivousas Tomas (LTU)"]
[Result "1-0"]
[WhiteElo "2446"]
[BlackElo "2266"]

1.c4 e5 2.Nc3 Nc6 3.g3 g6 4.Bg2 Bg7 5.d3 d6 6.e3 Be6 7.Rb1 Qd7 8.b4 a6 9.Nd5
Nge7 10.Ne2 O-O 11.O-O Nc8 12.Nec3 Nd8 13.b5 f5 14.Qa4 Rf7 15.Bd2 Kh8 16.Rfc1
Rf8 17.Qa3 Bg8 18.Nb4 c5 19.bxc6 bxc6 20.Qa4 e4 21.Be1 Ra7 22.dxe4 Nb6 23.Qd1
fxe4 24.Nxe4 Nxc4 25.Bc3 d5 26.Nc5 Qf5 27.Bxg7+ Rxg7 28.Nbd3 a5 29.Rb8 Ne6
30.Rxf8 Qxf8 31.Nxe6 Bxe6 32.Nf4 Bd7 33.e4 Ne5 34.exd5 cxd5 35.Qxd5 Qe8
36.Qxa5 g5 37.Nd5 Rf7 38.Qc3 Kg8 39.Re1 Rf5 40.g4 {#r} 1-0

[Event "Cup European Club (w)"]
[Site "Belgrade (Yugoslavia)"]
[Round "6"]
[White "Marin Irina Luiza (ROM)"]
[Black "Strutinskaya Galina N (RUS)"]
[Result "0-1"]
[WhiteElo "2154"]
[BlackElo "2361"]

1.g3 e5 2.Bg2 Nc6 3.c4 g6 4.Nc3 Bg7 5.d3 d6 6.e4 Be6 7.Nge2 Qd7 8.Nd5 h5 9.h4
Nf6 10.Bg5 Nh7 11.Be3 Nd8 12.Qd2 c6 13.Bh6 O-O 14.Bxg7 Kxg7 15.Ne3 c5 16.f4
Nc6 17.O-O f5 18.exf5 gxf5 19.Bh3 Rf6 20.Rae1 Raf8 21.Kh2 Rg6 22.b3 Nd4 23.Qb2
b6 24.Nxd4 exd4 25.Bg2 Nf6 26.Nc2 Kh6 27.Nxd4 cxd4 28.Qxd4 Qg7 29.Kh1 Bd7
30.Qxd6 Ne4 31.Qxg6+ Qxg6 32.dxe4 Qxg3 33.e5 Rg8 34.Re2 Qxh4+ 35.Kg1 Bc6 {#R}
0-1

[Event "It (cat.8)"]
[Site "Belgrade (Yugoslavia)"]
[Round "3"]
[White "Mozetic Dejan (SRB)"]
[Black "Sahovic Dragutin (SCG)"]
[Result "1-0"]
[WhiteElo "2471"]
[BlackElo "2387"]

1.c4 e5 2.g3 Nc6 3.Bg2 g6 4.Nc3 Bg7 5.d3 d6 6.e3 f5 7.Nge2 Nf6 8.O-O O-O 9.b3
Bd7 10.Qd2 Qe7 11.Bb2 Nd8 12.f4 c6 13.Rae1 Nf7 14.e4 fxe4 15.dxe4 Rad8 16.Nc1
Bc8 17.Nd3 Bh6 18.Qe2 exf4 19.gxf4 Nh5 20.e5 Bg7 21.Ba3 Rfe8 22.Ne4 Qh4 23.Bb2
Bf5 24.exd6 Nxd6 25.Be5 Nxe4 26.Bxe4 Nf6 27.Bxf5 gxf5 28.Kh1 Ne4 29.Rg1 Rd7
{#r} 1-0

[Event "It (open)"]
[Site "Bratto (Italy)"]
[Round "4"]
[White "Luchsinger Eric (ITA)"]
[Black "Agnelli Francesco (ITA)"]
[Result "0-1"]
[WhiteElo "2114"]
[BlackElo "2150"]

1.c4 g6 2.g3 Bg7 3.Bg2 d6 4.Nc3 Nc6 5.d3 e5 6.e4 Nge7 7.Nge2 O-O 8.O-O Nd4
9.Nxd4 exd4 10.Ne2 Nc6 11.h3 a5 12.b3 Bd7 13.a3 f5 14.exf5 Bxf5 15.Nf4 Kh8
16.g4 Bc8 17.Ne2 a4 18.b4 Ne5 19.Ng3 Qh4 20.Ne4 Bxg4 21.Bg5 Bxd1 22.Bxh4 Be2
23.Rfe1 Bxd3 24.c5 Bxe4 25.Bxe4 dxc5 26.bxc5 Nf3+ 27.Bxf3 Rxf3 28.Re7 Rc8
29.Bg3 Rc3 30.Rb1 Rxc5 31.Rxb7 Rd5 32.Bxc7 d3 33.Bf4 Bc3 34.Rxh7+ Kg8 35.Rhc7
Rxc7 36.Rxc7 Bb2 37.Bd2 Rd4 38.Rc6 Kf7 39.Kg2 Bxa3 {#R} 0-1

[Event "Ch American Continent"]
[Site "Cali (Colombia)"]
[Round "5"]
[White "Nogueiras Jesus (CUB)"]
[Black "Castro Oscar H (COL)"]
[Result "0-1"]
[WhiteElo "2521"]
[BlackElo "2365"]

1.c4 e5 2.g3 Nc6 3.Bg2 g6 4.Nc3 Bg7 5.d3 d6 6.e4 f5 7.Nge2 Nf6 8.O-O O-O 9.Nd5
Be6 10.Bg5 Qd7 11.Qd2 Rae8 12.Rac1 Rf7 13.f3 Ref8 14.b4 Ne7 15.Be3 Nc8
16.Nxf6+ Bxf6 17.f4 fxe4 18.dxe4 Nb6 19.Qd3 Bg7 20.Rfd1 Qa4 21.Qb3 Qc6 22.b5
Qe8 23.Qd3 Nd7 24.Qa3 b6 25.Rf1 Nc5 26.f5 gxf5 27.exf5 Bxf5 28.Qxa7 Kh8 29.Nc3
Nd3 30.Rcd1 Nb2 31.Rde1 Nxc4 32.Bc6 Bh3 33.Rf2 Nxe3 {#R} 0-1

[Event "Ch France (team) (2) 2001/02"]
[Site "France"]
[Round "2"]
[White "Jadoul Michel (BEL)"]
[Black "Lachique Francois (FRA)"]
[Result "1-0"]
[WhiteElo "2395"]
[BlackElo "2145"]

1.c4 e5 2.Nc3 g6 3.g3 Bg7 4.Bg2 Nc6 5.d3 d6 6.Rb1 a5 7.a3 Nf6 8.b4 axb4 9.axb4
O-O 10.Nf3 Re8 11.Nd2 Nd4 12.O-O h5 13.e3 Ne6 14.Nf3 c6 15.Bb2 Nc7 16.e4 d5
17.exd5 cxd5 18.Re1 dxc4 19.dxc4 Bf5 20.Ra1 Qe7 21.Rxa8 Rxa8 22.Qb3 Nfe8
23.Nd5 Nxd5 24.cxd5 f6 25.Nh4 Nd6 26.Nxf5 Nxf5 27.d6+ {#r} 1-0

[Event "Ch France (team) 2001"]
[Site "France"]
[Round "6"]
[White "Turner Matthew (ENG)"]
[Black "Skripchenko Almira (FRA)"]
[Result "0-1"]
[WhiteElo "2502"]
[BlackElo "2497"]

1.c4 e5 2.Nc3 Nc6 3.g3 g6 4.Bg2 Bg7 5.d3 d6 6.e4 Nd4 7.Nge2 c6 8.Nxd4 exd4
9.Ne2 Ne7 10.h4 Bg4 11.f3 Bc8 12.h5 d5 13.cxd5 cxd5 14.Nf4 O-O 15.Bd2 Re8
16.h6 Bh8 17.O-O b6 18.Qb3 Bb7 19.Rae1 a5 20.exd5 Qd6 21.Qb5 Red8 22.Rf2 Nf5
23.Rfe2 Ne3 24.Bxe3 dxe3 25.Kh2 Bd4 26.Rxe3 Bxe3 27.Rxe3 Rac8 28.Qa4 Qf8
29.Bh3 Qxh6 30.Kg2 Rb8 31.Qd4 Bxd5 32.Re8+ Rxe8 33.Nxd5 Qd2+ 34.Kg1 Qe1+
35.Kh2 Re2+ 36.Bg2 Qf2 37.Ne7+ Kf8 38.Nxg6+ hxg6 39.Qh8+ Ke7 40.Qh4+ f6 {#R}
0-1

[Event "It (open)"]
[Site "Genoa (Italy)"]
[Round "2"]
[White "Van Hoolandt Patrick (MNC)"]
[Black "Paragua Mark (PHI)"]
[Result "0-1"]
[WhiteElo "2155"]
[BlackElo "2447"]

1.c4 g6 2.g3 Bg7 3.Bg2 e5 4.Nc3 Nc6 5.d3 d6 6.Rb1 a5 7.a3 Nf6 8.Nf3 O-O 9.O-O
h6 10.b4 axb4 11.axb4 Be6 12.b5 Ne7 13.Bb2 Nd7 14.Nd2 c6 15.Ra1 Rxa1 16.Qxa1
f5 17.Qa7 Nc5 18.Na4 Nxa4 19.Qxa4 d5 20.bxc6 bxc6 21.Ba3 e4 22.Bxe7 Qxe7
23.Qxc6 Rd8 24.cxd5 Rxd5 25.Rb1 Rd6 26.Qa8+ Kh7 27.Rb7 Bd7 28.Nc4 exd3 29.exd3
Rxd3 30.Ne3 Rxe3 31.fxe3 Qxe3+ 32.Kf1 Qc1+ 33.Ke2 Qc2+ 34.Ke3 Qxg2 35.Qa6 Qe4+
36.Kd2 Qd5+ 37.Kc2 Qc5+ 38.Kd1 Bc8 {#R} 0-1

[Event "Bundesliga (2nd) East 2001/02"]
[Site "Germany"]
[Round "1"]
[White "Bezold Michael (GER)"]
[Black "Pribyl Josef (CZE)"]
[Result "1-0"]
[WhiteElo "2504"]
[BlackElo "2417"]

1.c4 e5 2.g3 Nc6 3.Bg2 g6 4.Nc3 Bg7 5.d3 d6 6.Rb1 a5 7.a3 f5 8.Nf3 Nf6 9.O-O
h6 10.b4 axb4 11.axb4 g5 12.b5 Ne7 13.Bb2 Ng6 14.Ra1 Rb8 15.Ra7 g4 16.Nd2 h5
17.Nb3 b6 18.Na1 h4 19.Nc2 hxg3 20.fxg3 Bh6 21.Bc1 Ne7 22.Bxh6 Rxh6 23.Qd2 Rh5
24.e4 Kf7 25.exf5 Bxf5 26.Nb4 Ne8 27.Ncd5 Rc8 28.Nxe7 Qxe7 29.Nd5 Qd8 30.Nxb6
Rb8 31.Nd5 Kg6 32.b6 Rc8 33.b7 Rb8 34.Nb4 Bd7 35.Na6 c6 36.Nxb8 Qxb8 37.Qf2
Rf5 38.Be4 Kg7 39.Bxf5 Bxf5 40.Ra8 {#r} 1-0

[Event "Bundesliga 2000/01"]
[Site "Germany"]
[Round "12"]
[White "Heinbuch Detlef (GER)"]
[Black "Lorenz Sascha (GER)"]
[Result "0-1"]
[WhiteElo "2363"]
[BlackElo "2293"]

1.g3 e5 2.c4 Nc6 3.Bg2 g6 4.Nc3 Bg7 5.d3 d6 6.e3 Be6 7.Rb1 a5 8.Nge2 Qd7 9.Nd5
Nf6 10.Nec3 O-O 11.O-O Bh3 12.Nxf6+ Bxf6 13.Bxh3 Qxh3 14.a3 Bg7 15.b4 axb4
16.axb4 f5 17.Nd5 f4 18.exf4 Nd4 19.Bb2 exf4 20.Kh1 f3 21.Rg1 Ne2 22.Nf4 Rxf4
23.gxf4 Nxg1 24.Qxg1 Bxb2 {#R} 0-1

[Event "Bundesliga 2000/01 (w)"]
[Site "Germany"]
[Round "8"]
[White "Voiska Margarita (BUL)"]
[Black "Beltz Martina (GER)"]
[Result "1-0"]
[WhiteElo "2280"]
[BlackElo "2153"]

1.c4 e5 2.g3 d6 3.Bg2 g6 4.Nc3 Bg7 5.d3 Nc6 6.Rb1 f5 7.b4 Nf6 8.b5 Ne7 9.Qb3
O-O 10.e3 h6 11.Nge2 Kh7 12.a4 Rb8 13.O-O Be6 14.Ba3 Qe8 15.Nd5 Bxd5 16.cxd5
g5 17.Rbc1 Rc8 18.Nc3 Qh5 19.Qd1 Qf7 20.e4 h5 21.exf5 Nxf5 22.Ne4 Qg6 23.Nxf6+
Rxf6 24.Be4 Kh8 25.g4 hxg4 26.Qxg4 Qf7 27.Bxf5 Rxf5 28.Bxd6 Qf6 29.Be7 Qxe7
30.Qxf5 Rf8 31.Qh3+ Kg8 32.Qe6+ Rf7 33.Rc4 Bf8 34.Rfc1 {#r} 1-0

[Event "Niederbayern liga 2000/01"]
[Site "Germany"]
[Round "7"]
[White "Webersberger Johann (AUT)"]
[Black "Stadler Simon (GER)"]
[Result "1-0"]
[WhiteElo "2380"]
[BlackElo "2179"]

1.g3 g6 2.Bg2 Bg7 3.c4 d6 4.Nc3 e5 5.d3 Nc6 6.Nf3 f5 7.O-O Nf6 8.Rb1 O-O 9.b4
a6 10.a4 h6 11.b5 axb5 12.axb5 Ne7 13.Nd2 g5 14.Bb2 Rb8 15.Ra1 b6 16.Qb3 Rf7
17.Nd5 Nexd5 18.cxd5 Nd7 19.d4 exd4 20.Nf3 Nc5 21.Qc4 d3 22.Nd4 dxe2 23.Rfe1
Bd7 24.Rxe2 Bxd4 25.Qxd4 Kh7 26.Rae1 Bxb5 27.Re3 Qf8 28.g4 Bd7 29.h4 fxg4
30.hxg5 hxg5 31.Re6 Bxe6 32.dxe6 Rf4 33.e7 Rxd4 34.exf8=N+ Rxf8 35.Bxd4 Nd3
36.Be4+ Kg8 37.Bxd3 c5 38.Bc4+ Kh7 39.Re7+ Kg6 40.Bd3+ {#r} 1-0

[Event "Oberliga Wurttemberg 2000/01"]
[Site "Germany"]
[Round "5"]
[White "Rothermel Thomas"]
[Black "Rehn Guenter (GER)"]
[Result "0-1"]
[WhiteElo "2200"]
[BlackElo "2057"]

1.c4 e5 2.Nc3 Nc6 3.g3 g6 4.Bg2 Bg7 5.d3 d6 6.Nf3 f5 7.O-O Nf6 8.Rb1 O-O 9.b4
a6 10.a4 h6 11.b5 axb5 12.axb5 Ne7 13.Bb2 c6 14.c5 Ne8 15.cxd6 Nxd6 16.Qb3+
Kh7 17.b6 Ra6 18.Ba3 Re8 19.Bc5 e4 20.dxe4 Bxc3 21.Bxd6 Qxd6 22.Qf7+ Bg7
23.Qxe8 fxe4 24.Rfd1 Rxb6 25.Rxd6 Rxb1+ 26.Bf1 exf3 {#R} 0-1

[Event "Ch Yugoslavia (team) (1 liga)"]
[Site "Herceg Novi (Montenegro)"]
[Round "2"]
[White "Djukic Zeljko (SRB)"]
[Black "Pikula Dejan (SRB)"]
[Result "0-1"]
[WhiteElo "2407"]
[BlackElo "2450"]

1.c4 e5 2.Nc3 Nc6 3.g3 g6 4.Bg2 Bg7 5.d3 d6 6.Rb1 a5 7.a3 Nf6 8.Bg5 h6 9.Bxf6
Bxf6 10.b4 axb4 11.axb4 Bg7 12.Nf3 O-O 13.O-O Be6 14.Qb3 Ne7 15.Nd2 c6 16.b5
f5 17.Ra1 Bf7 18.Qb4 Rb8 19.Ra3 Re8 20.Rc1 d5 21.cxd5 cxd5 22.d4 exd4 23.Na4
f4 24.g4 Nc8 25.Bf3 Bf8 26.Qb2 Bxa3 27.Qxa3 Qa5 {#R} 0-1

[Event "It (cat.8)"]
[Site "Jakarta (Indonesia)"]
[Round "5"]
[White "Miezis Normunds (LAT)"]
[Black "Prayitno Sugeng (INA)"]
[Result "1-0"]
[WhiteElo "2501"]
[BlackElo "2333"]

1.c4 g6 2.Nc3 Bg7 3.g3 d6 4.Bg2 Nc6 5.d3 e5 6.e4 Nge7 7.Nge2 O-O 8.O-O f5
9.Nd5 Be6 10.Be3 h6 11.Qd2 Kh7 12.Rac1 Ng8 13.b4 Nd4 14.Bxd4 exd4 15.Ndf4 Bc8
16.exf5 gxf5 17.c5 c6 18.a4 Ne7 19.Qa2 a5 20.b5 dxc5 21.Rxc5 Qd6 22.Rfc1 Bd7
23.bxc6 Nxc6 24.Qb3 Rab8 25.Qb6 Rf7 26.Rxa5 Qf8 27.Rac5 Be5 28.Ng6 Kxg6
29.Rxe5 Kh7 30.Bxc6 Bxc6 31.Nxd4 Bxa4 32.Rxf5 Re8 33.Rc7 Re1+ 34.Kg2 Ree7
35.Ne6 Qe8 36.Rxf7+ Rxf7 37.Qxb7 Qxe6 38.Rxf7+ Kg6 39.Rg7+ Kf6 40.Rc7 {#r} 1-0

[Event "Match (team) (juniors) (under 20)"]
[Site "Lima/Guayaquil"]
[Round "5"]
[White "Munoz Sanchez Miguel (ECU)"]
[Black "Padilla Hugo (PER)"]
[Result "1-0"]
[WhiteElo "2283"]
[BlackElo "2215"]

1.c4 e5 2.Nc3 d6 3.g3 g6 4.Bg2 Bg7 5.d3 Nc6 6.f4 f5 7.Nf3 Nf6 8.O-O O-O 9.Kh1
h6 10.Be3 Re8 11.fxe5 Ng4 12.Bg1 Ncxe5 13.Nxe5 dxe5 14.Nd5 c6 15.Ne3 Nxe3
16.Bxe3 g5 17.Bd2 Be6 18.Bc3 Qd7 19.Qc2 Rac8 20.Rad1 b5 21.b3 a6 22.Qb2 Bf7
23.e4 Bh5 24.Rd2 c5 25.cxb5 axb5 26.Qa1 f4 27.gxf4 exf4 28.Bh3 Qxh3 29.Bxg7
Bf3+ 30.Kg1 Rc6 31.Bb2 g4 32.Qc1 Kh7 33.Qc3 Rg8 34.Qe5 g3 35.Qe7+ Kg6 36.Rxf3
gxh2+ 37.Rxh2 Kh5+ 38.Kh1 {#r} 1-0

[Event "Ch Asia (qual)"]
[Site "Manila (Philippines)"]
[Round "3"]
[White "Gonzales Jayson (PHI)"]
[Black "Paragua Mark (PHI)"]
[Result "0-1"]
[WhiteElo "2432"]
[BlackElo "2447"]

1.c4 g6 2.g3 Bg7 3.Bg2 e5 4.Nc3 Nc6 5.d3 d6 6.e4 Be6 7.Nge2 Qd7 8.Nd5 Nce7
9.d4 c6 10.h3 f5 11.Nxe7 Nxe7 12.d5 Bf7 13.f3 cxd5 14.cxd5 Bf6 15.h4 Ng8
16.Be3 Bd8 17.Qd2 Nf6 18.Bh3 O-O 19.a3 Qb5 20.Nc3 Qb3 21.Qd1 Qxb2 22.Bd2 Nh5
23.Kf2 fxe4 24.fxe4 Be6+ 25.Kg2 Bxh3+ 26.Kxh3 Ba5 27.Ra2 Qb6 28.Qg4 Bxc3
29.Bxc3 Qe3 30.Bd2 Qb3 31.Raa1 Nxg3 32.Kg2 Nxh1 33.Rxh1 Qd3 34.Bh6 Qc2+ 35.Kh3
Rac8 36.Rg1 Rc3+ 37.Rg3 Rxg3+ 38.Kxg3 Qf2+ {#R} 0-1

[Event "Memorial Crespi"]
[Site "Milan (Italy)"]
[Round "2"]
[White "Bonazzi Edoardo (ITA)"]
[Black "Cavatorta Fosco (ITA)"]
[Result "0-1"]
[WhiteElo "2110"]
[BlackElo "2011"]

1.c4 Nc6 2.g3 e5 3.Bg2 g6 4.Nc3 Bg7 5.d3 d6 6.e4 f5 7.Nge2 Nf6 8.O-O O-O 9.Be3
Be6 10.Nd5 Ne7 11.Rc1 c6 12.Nxf6+ Bxf6 13.f4 Qd7 14.b3 Rad8 15.Nc3 Qc7 16.Qd2
Qb8 17.Rce1 Bg7 18.Qc2 Rd7 19.Ne2 Rfd8 20.Kh1 d5 21.exd5 cxd5 22.fxe5 dxc4
23.dxc4 Bxe5 24.Nf4 Bf7 25.Bxa7 Qxa7 26.Rxe5 Nc6 27.Rd5 Nb4 28.Rxd7 Nxc2
29.Rxd8+ Kg7 30.Rd7 Ne3 31.Re1 Nxg2 32.Kxg2 Qxa2+ 33.Re2 Qxb3 34.Rc7 Kf6
35.Ree7 Bxc4 36.Re1 Qa2+ 37.Kg1 Qa5 38.Rce7 Qc5+ 39.Kg2 Qxe7 40.Rxe7 Kxe7 {#R}
0-1

[Event "Ch Galiza"]
[Site "Padrun (Spain)"]
[Round "3"]
[White "Sande Edreira Jose Antonio (ESP)"]
[Black "Campos Calvo-Sotelo Juan (ESP)"]
[Result "1-0"]
[WhiteElo "2207"]
[BlackElo "2006"]

1.c4 e5 2.g3 Nc6 3.Bg2 g6 4.Nc3 Bg7 5.d3 d6 6.Rb1 Be6 7.b4 Qc8 8.b5 Nce7 9.Qb3
f5 10.Nd5 Nxd5 11.cxd5 Bd7 12.Nf3 h6 13.Ba3 Ne7 14.Rc1 Qd8 15.O-O O-O 16.Rc2
e4 17.Nd2 exd3 18.Qxd3 a6 19.b6 Bb5 20.bxc7 Qd7 21.Qe3 Ba4 22.Rcc1 Rf6 23.Nc4
Nc8 24.Nb6 Nxb6 25.Qxb6 Rc8 26.Qxb7 Bb5 27.Rc2 Rf7 28.Bxd6 g5 29.Rfc1 f4
30.gxf4 gxf4 31.a4 Bxe2 32.Rxe2 f3 33.Qxc8+ Qxc8 34.Re8+ Qxe8 35.c8=Q Qxc8
36.Rxc8+ Kh7 37.Bf1 h5 38.Rc7 {#r} 1-0

[Event "Ch Russia (juniors) (under 18)"]
[Site "Rybinsk (Russia)"]
[Round "3"]
[White "Kuznetsov Yakov (RUS)"]
[Black "Chernozemov Andrew (RUS)"]
[Result "0-1"]
[WhiteElo "2215"]
[BlackElo "2190"]

1.c4 e5 2.Nc3 Nc6 3.g3 g6 4.Bg2 Bg7 5.d3 d6 6.a3 a5 7.Nf3 f5 8.Bg5 Nf6 9.Nh4
Ne7 10.Qd2 h6 11.Bxf6 Bxf6 12.O-O-O c6 13.Kb1 d5 14.cxd5 cxd5 15.d4 e4 16.Bf1
Bd7 17.e3 O-O 18.Ng2 Bc6 19.g4 fxg4 20.Be2 Qd7 21.b3 Bg5 22.Rdg1 Rxf2 23.Nd1
Rff8 24.Ne1 Qd6 25.Nc2 h5 26.Rg2 Nf5 27.Qe1 Nh4 28.Rgg1 Nf3 29.Bxf3 Rxf3 30.h3
g3 31.h4 Bd8 32.Nc3 Bc7 33.Ne2 Bb5 34.Nf4 Qc6 35.Rxg3 Bxf4 36.exf4 Rxg3
37.Qxg3 Bd3 38.Rh2 Rc8 39.Ka1 a4 {#R} 0-1

[Event "Ch NATO"]
[Site "Sanremo (Italy)"]
[Round "7"]
[White "Tia Rudy Jr (PNG)"]
[Black "Baudin Frederic (FRA)"]
[Result "1-0"]
[WhiteElo "2206"]
[BlackElo "2132"]

1.g3 e5 2.d3 Nc6 3.Bg2 g6 4.c4 Bg7 5.Nc3 d6 6.e3 f5 7.Nge2 Nf6 8.O-O O-O 9.Nd5
Be6 10.Nec3 Rb8 11.Rb1 Ne7 12.b4 c6 13.Nxe7+ Qxe7 14.b5 c5 15.Qa4 b6 16.e4 Nh5
17.exf5 Bxf5 18.Qd1 Qd7 19.Bc6 Qc8 20.Nd5 Rf7 21.Bg5 Bf6 22.Nxf6+ Nxf6 23.a4
Kg7 24.Qd2 Bh3 25.Bh6+ Kh8 26.Rfe1 Ng4 27.Be3 Qf8 28.a5 Rc8 29.Bh1 Qg7 30.Ra1
Rcf8 31.axb6 axb6 32.Ra8 Rxa8 33.Bxa8 Ra7 34.Bd5 h5 35.Bg5 Nf6 36.Bc6 Kh7
37.f4 Ng4 38.Qb2 Qf7 39.Bd8 exf4 40.gxf4 Qxf4 {#r} 1-0

[Event "Cup Itau (open)"]
[Site "Sao Paulo (Brazil)"]
[Round "7"]
[White "Valiente Cristobal (PAR)"]
[Black "Sega Carlos Alberto (BRA)"]
[Result "1-0"]
[WhiteElo "2373"]
[BlackElo "2289"]

1.c4 e5 2.Nc3 Nc6 3.g3 g6 4.Bg2 Bg7 5.d3 d6 6.Rb1 a5 7.e3 Nge7 8.Nge2 O-O 9.a3
Bg4 10.h3 Be6 11.Nd5 Qd7 12.h4 Nc8 13.h5 Nd8 14.e4 c6 15.Ne3 Nb6 16.b4 axb4
17.Rxb4 Qc7 18.f4 exf4 19.gxf4 Ra5 20.h6 Bf6 21.Qd2 Na4 22.Qc2 Nb6 23.Bb2 Nd7
24.Bh3 Bxh3 25.Rxh3 Ra7 26.d4 Qa5 27.Kf1 Be7 28.Nc3 Ne6 29.Ra4 Qb6 30.Ncd5
cxd5 31.Nxd5 Qd8 32.Rxa7 Nb6 33.Rxb7 Nxd5 34.cxd5 Nxf4 35.Rf3 Bg5 36.Bc1 Bxh6
37.Bxf4 {#r} 1-0